000 01160cam a2200337Mc 4500
999 _c4826
_d4826
001 454413
003 GBCCL
005 20241126110527.0
008 010817r20001984mau 000 0 eng d
020 _a1565633652
020 _a9781565638679
029 1 _aDKDLA
_b820010-katalog:2231040
035 _a(OCoLC)ocn460506353
035 _a(OCoLC)460506353
040 _aDKDLA
_bdan
_cDKDLA
_dLIBRO
_dOCLCO
_dOCLCF
_dLBB
049 _aLBBA
082 _a273
_bBRO
090 _aBT1315.2
_b.B76 2000
100 1 _aBrown, Harold O. J.
_98797
245 1 0 _aHeresies :
_bheresy and orthodoxy in the history of the church
250 _a4th. printing
260 _aPeabody, Mass. :
_bHendrickson Publishers,
_c2007
300 _a486 p.
500 _aFirst publ. 1984 under the title: Heresies : the image of Christ in the mirror of heresy and orthodoxy
650 0 _aChristian heresies
_xHistory.
_98798
650 0 _aTheology, Doctrinal
_xHistory.
_91920
650 7 _aChristian heresies
_2fast
_0(OCoLC)fst01727964
_92178
650 7 _aTheology, Doctrinal
_2fast
_0(OCoLC)fst01149617
_914
655 7 _aHistory
_2fast
_0(OCoLC)fst01411628
_9661
942 _2ddc
_cBK
_03